000 00392nam a2200157Ia 4500
008 240729s9999 xx 000 0 und d
022 _a2731-4553
245 0 _aBMC Primary Care
260 _aUnited Kingdom
260 _bBMC
650 _a Medicine (General)
650 _aMedicine
856 _uhttps://doaj.org/toc/62daca887d4442e4a332363cf5b9a618
942 _2ddc
942 _cDOAJEJ
999 _c71894
_d71894
945 _a1
_bMadushi Gamage
_c1
_dMadushi Gamage